000 00995na a2200253 4500
001 13224
003 MIRAKIL
005 20181213155201.0
008 161101b tu 000 0
035 _a13224
040 _aMilas
_btur
_cTR-AnCHP
041 _atur
082 _a305.908
_bÖ99i 1999
090 _a305.908 Ö99i 1999
111 _aÖzürlüler Şurası
_cAnkara
_d1999
_nI.
245 _aI. Özürlüler Şurası
_bçağdaş toplum yaşam ve özürlüler ön komisyon raporları, 26 Kasım-02 Aralık 1999 Ankara
_cT.C. Başbakanlık Özürlüler İdaresi Başkanlığı
246 _aÇağdaş toplum yaşam ve özürlüler ön komisyon raporları, 26 Kasım-02 Aralık 1999 Ankara
260 _aAnkara
_bÖzürlüler İdaresi Başkanlığı
_c1999
300 _a517 s.
_c24 sm.
650 _aEngelliler
_xSosyal durum
_yToplantılar
_zTürkiye
650 _aEngelliler
_xDevlet politkası
_yToplantılar
_zTürkiye
651 _aTürkiye
_xSosyal politikalar
942 _2ddc
_cBKS
999 _c8138
_d8138